| 000 | 00832nam a2200241 a 4500 | ||
|---|---|---|---|
| 008 | |||
| 020 | _a0866410104 (pbk.) | ||
| 049 | _aMAIN | ||
| 090 | _aHF5658.5 | ||
| 100 | 1 | 0 | _aSeed, Allen H. |
| 245 | 1 | 4 |
_aThe impact of inflation on internal planning and control / _cby Allen H. Seed, III. |
| 260 | 0 |
_aNew York, N.Y. : _bNational Association of Accountants, _cc1981. |
|
| 300 |
_axiii, 242 p. : _bill. ; _c23 cm. |
||
| 504 | _aIncludes bibliographical references: p. 215-226. | ||
| 650 | 0 |
_aAccounting _xEffect of inflation on. |
|
| 650 | 0 |
_aAccounting _xEffect of inflation on _xCase studies. |
|
| 710 | 2 | 0 | _aNational Association of Accountants. |
| 907 |
_a.b10158078 _b10-03-05 _c08-03-05 |
||
| 003 | |||
| 005 | 20230123133946.0 | ||
| 040 | _cNUST | ||
| 942 |
_cBOOKS _kHF5658.5 |
||
| 999 |
_c157586 _d157586 |
||